000 01497nam a2200313 4500
003 CO-CtgCURN
005 20250329165441.0
008 160531s2002 000 0 eng d
040 _aCO-CtgCURN
_bspa
_ccoctgcurn
082 0 _aINQ 2002
_bC957
245 0 0 _aManejo de desechos hospitalarios de la IPS Hospital Napoleon Franco Pareja de Cartagena /
_cAlfonso de la Cruz Pajaro ... [et al.] ; Hubert Cuervo Cogollo.
260 _aCartagena de Indias :
_bCorporación Universitaria Rafael Nuñez,
_c2002.
300 _a133 h.
336 _2rdacontent
337 _2rdamedia
_asin mediacion
_bn
338 _2rdacarrier
_avolumen
_bnc
502 _aTrabajo de grado (Instrumentador Quirurgico). Corporación Universitaria Rafael Nuñez. Facultad de Ciencias de la Salud. Programa de Instrumentación Quirúrgica, 2002.
504 _aIncluye bibliografia.
590 _aInstrumentación Quirúrgica
650 0 _aInstrumentación Quirúrgica
_vTesis y disertaciones academicas.
700 1 _aCruz Pajaro, Alfonso de la.
700 1 _aMadiedo Coronel, Claudia.
700 1 _aMendez Lambraño, Shirley.
700 1 _aRomero Blanco, Silvana.
700 1 _aCuervo Cogollo, Hubert,
_easesor.
856 7 _uhttps://unicurn.sharepoint.com/:b:/s/biblioteca/ET9gdcukgVlDp6pKl7hDnH8BqrFoPFLZSnOc8SyTiKUNjQ?e=A7f5b8
_zClick aqui para ver el recurso en texto completo
942 _hINQ 2002
_iC957
_2ddc
_cTG
999 _c4428
_d4428